000 00322nam a22001457a 4500
003 OSt
005 20210929102224.0
008 210929b |||||||| |||| 00| 0 eng d
040 _chu
082 _a301.24
245 _aintroducing social change
260 _anew werk
_bhall
_c1965
300 _a229
942 _2ddc
_cBOOKS
_n0
999 _c7379
_d7379